| 000 | 00944nam a22002657a 4500 | ||
|---|---|---|---|
| 005 | 20100413143423.0 | ||
| 008 | 100413t xxu||||| |||| 00| 0 eng d | ||
| 010 | _aENG-96032 | ||
| 020 |
_a0198063512 _c895.00 |
||
| 020 |
_a9780198063513 _c895.00 |
||
| 035 | _aEN-79565 | ||
| 037 | _bDBAD/PUB | ||
| 040 | _aDPL | ||
| 082 | _a331.10954 | ||
| 245 |
_aIndia's employment challenge: _bcreating jobs, helping workers |
||
| 260 |
_aNew Delhi _bOxford University Press _c2010 |
||
| 270 |
_aYMCA library building, Jai Singh Road _bNew Delhi _e110001 |
||
| 300 |
_avi, 196p. ; _c28 cm.(Pbk) |
||
| 500 | _aincludes index | ||
| 650 | _aLabour policy | ||
| 650 | _aUnemployment | ||
| 650 | _aLabour market | ||
| 942 |
_2ddc _cEN _h331.10954 _mIND |
||
| 999 |
_c35257 _d35257 |
||